Complete the Movie Title #6 - Statistics

General Stats
  • This quiz has been taken 103 times
  • The average score is 7 of 15
Answer Stats
Year Movie % Correct
2013 The Wolf of Wall {Street}
99%
1982 Blade {Runner}
79%
2013 12 Years a {Slave}
78%
1975 One Flew Over the Cuckoo’s {Nest}
75%
2013 World War {Z}
67%
2013 The Great {Gatsby}
63%
2013 Man of {Steel}
59%
2013 Monsters {University}
53%
2013 We’re the {Millers}
43%
1975 Barry {Lyndon}
23%
1975 Picnic at Hanging {Rock}
17%
2013 Kill Your {Darlings}
10%
1982 The Dark {Crystal}
8%
1975 Manila in the Claws of {Light}
3%
1982 The Plague {Dogs}
2%
No matching quizzes found
Score Distribution
Percent of People with Each Score
Percentile by Number Answered
Your Score History
You have not taken this quiz